Normal view
MARC view
- Baken, J F
Entry Personal Name
001 - CONTROL NUMBER
- control field: 7573
003 - CONTROL NUMBER IDENTIFIER
- control field: OSt
005 - DATE AND TIME OF LATEST TRANSACTION
- control field: 20250610143355.0
008 - FIXED-LENGTH DATA ELEMENTS
- fixed length control field: 250610|| aca||aabn | a|a d
040 ## - CATALOGING SOURCE
- Original cataloging agency: OSt
- Transcribing agency: OSt
100 ## - HEADING--PERSONAL NAME
- Personal name: Baken, J F
670 ## - SOURCE DATA FOUND
- Source citation: Work cat.: (OSt)10417: Baken, J F ., Steel skeleton vol-1:Elastic behaviour and design / , 1961.
